000 00596nam a2200193 i 4500
001 25015
003 ES-MaACL
005 20250902070711.0
007 t|
008 021219s1971 sp ||||1| spa d
100 1 _aAppley, Lawrence A.
_922118
245 1 3 _aEl nuevo concepto del management /
_cpor Lawrence A. Appley ; traducido por José María Saenz.
260 _aMadrid :
_bIbérico Europea,
_c[1971]
300 _a210 p. ;
_c22 cm.
650 0 7 _aGestión de empresas
_2embne
_912210
700 1 _aSáenz, José María.
_9183050
852 _aES-MaACL
_jC-48277
999 _c25015
_d25015